000
00188 a2200097 4500
020
_a
9780590414296
041
_a
eng
100
_a
Joanna Cole
245
_a
The magic school bus
942
_c
K
999
_c
30301
_d
30299